Statistics for Best Young Player Award at the FIFA World Cup

Click here to take the quiz!

General Stats

  • This quiz has been taken 67 times
  • The average score is 6 of 16

Answer Stats

YearCountryAgeBest Young Player% Correct
2018France19Kylian Mbappe
98%
2014France21Paul Pogba
78%
1958Brazil17Pelé
76%
2010Germany20Thomas Müller
69%
1998England18Michael Owen
61%
2002United States20Landon Donovan
58%
2006Germany21Lukas Podolski
41%
1966West Germany20Franz Beckenbauer
34%
1994Netherlands21Marc Overmars
24%
1970Peru21Teófilo Cubillas
22%
1990Yugoslavia21Robert Prosinečki
15%
1986Belgium20Enzo Scifo
12%
1962Hungary20Flórián Albert
8%
1978Italy20Antonio Cabrini
3%
1982France21Manuel Amoros
3%
1974Poland20Władysław Żmuda
3%

Score Distribution

Percentile by Number Answered

Percent of People with Each Score

Your Score History

You have not taken this quiz